000 00534nam a22001937a 4500
003 KOHA_MİRAKIL
005 20251111121523.0
008 251111b tu ||||| |||| 00| 0 tur d
020 _a9786051855769
040 _aTR-AnABB
_btur
_cTR-AnABB
041 _atur
082 _a813.42
_bAYV 2021
100 1 _aAyvazoğlu, Beşir,
245 1 0 _aAteş denizi /
_cBeşir Ayvazoğlu
260 _aİstanbul :
_bEverest Yayınları,
_c2005
300 _a575 sayfa ;
_c20 cm
650 0 4 _aTürk edebiyatı, roman
942 _2ddc
_cBK
999 _c9346
_d9346
900 _bGizem YORULMAZ